Регионална библиотека "Любен Каравелов" - Русе

Измамникът (Запис номер 46113)

MARC детайли
000 -Лидер
Контролно поле с фиксирана дължина nam a22 a 4500
003 - Код на организацията, давaща контролен номер
Контролно поле BLK
005 - Дата и час на последна редакция
Контролно поле 20230413160557.0
008 - Елементи от данни с фиксирана дължина
fixed length control field 180408b bul|||||r ||||||| ||bul||
010 ## - Наследен системен номер
LC control number KNG00049916000
020 ## - Международен стандартен номер на книга ISBN
Международен стандартен номер на книга ISBN 954-8181-19-3
040 ## - Източник на каталожния запис
Идентификатор на билиотеката - собственик на записа BLK
041 ## - Код за език
Код за езика на текст/звукозапис или на отделно заглавие Български
Код за езика КДБФ Български
080 ## - УДК
Текстов определител УДК Английска литература
УДК код - определител по УДК 821.111
УДК определител -31
УДК - код + определител 821.111-31
100 1# - Редна дума - Автор
Автор Форсайт, Фредерик
Авторска отговорност първи автор
R(LIN) 242148
139 ## - Редно поле
Редна дума Форсайт, Фредерик
Авторски знак Форе - Ф 72
245 10 - Сведения за заглавието
Заглавие Измамникът
Подзаглавни данни Роман
Редно поле (дума) Фредерик Форсайт; прев. Валентин Вълков.
257 ## - Страна на издаване
Страна на създаване/издаване Великобритания
260 ## - Област на издателските данни
Място на издаване, разпространение и проч. Варна
Име на издателя, разпространителя и проч. Компас
Година на издаване 1993
Печатница В. Търново : Абагар
300 ## - Физическа характеристика
Страници 517 с.
Размери/Мащаб 20 см
380 ## - Жанр
Жанр Худож. лит.
490 ## - СЕРИИ (Колекции)
Име на серия Супертрилъри
9 (RLIN) 201922
500 ## - Общи забележки
Забележка Ориг. загл. The Deceiver / Frederick Forsyth. - 17 000 тир.
653 ## - Ключова дума – ненормативна
Ключова дума трилъри
653 ## - Ключова дума – ненормативна
Ключова дума романи
700 1# - Други автори (авторска отговорност)
Лично име Вълков, Валентин
Автороска отговорност (Описва отношението между автора и произведението) прев.
9 (RLIN) 280621
852 ## - Местоположение
Форматна сигнатура Цб 173131
Фондова буква Хранилище
856 4# - Електронен адрес и достъп
Електронен формат pdf - файл
Инструкция (цена за достъп) 0.00
Права за достъп disable
856 4# - Електронен адрес и достъп
Електронен формат pdf - файл
Инструкция (цена за достъп) 0.00
Права за достъп disable
999 ## - СИСТЕМНИ КОНТРОЛНИ НОМЕРА
Koha biblionumber 46113
Koha biblioitemnumber 46113
942 ## - АРТИКУЛИ
Вид на библиотечния материал Книги
Скрит в OPAC Не
Koha issues (borrowed), all copies 9
Периодичен библиозапис Да
944 ## - СЪЗДАВАНЕ И РЕДАКЦИЯ на ЗАПИСА
Създаване/Редакция Създаване
Дата на регистрацията/редакция 12.05.2005
Служител, извършил регистрацията/редакцията Людмила_Стоянова
944 ## - СЪЗДАВАНЕ И РЕДАКЦИЯ на ЗАПИСА
Създаване/Редакция Редакция
Дата на регистрацията/редакция 11.07.2005
999 ## - СИСТЕМНИ КОНТРОЛНИ НОМЕРА
Koha biblioitemnumber 46113
Наличности
Код за отписване Код за изгубен артикул Източник на класификационната схема Код за повреда Коз за рестрикции Код за отдаване Артикулен № Име на библиотеката - собственик Име на библиотеката, в която се намира в момента Статус (Текущо местоположение) Дата на вписване в системата Местоположение - отдел Цена в лева Инвентарен номер Систематично азбучна сигнатура Баркод Номер на екземпляра Цена в евро Служебна бележка Служебен тип на артикула
Изтеглен Не е изгубен Universal Decimal Classification Не е повреден без рестрикции заемане за дома 72807 Регионална библиотека "Любен Каравелов" Русе Регионална библиотека "Любен Каравелов" Русе Заемна - подръчен фонд 2005-05-12 Заемна - подръчен фонд 4.00 120000694124 П 820-31/Ф 72 120000694124 1 2.05 Дост: Pk Вид: Ф N: 22 Дата: 05.05.2005 Дата инв: 19.02.2018 Бележки инв: П2018 Книги
  Не е изгубен Universal Decimal Classification Не е повреден без рестрикции ползва се в читалня 72808 Регионална библиотека "Любен Каравелов" Русе Регионална библиотека "Любен Каравелов" Русе Хранилище 1993-01-01 Хранилище 1.28 579978 Цб 173131 120000579978 2 0.65 Дост: Dp Вид: Д N: стар фонд Дата: 01.01.1993 Книги
Vip Innovations Ltd, Rousse, Bulgaria 2025